000
00218 a2200097 4500
001
48391
100
_a
Ispahani, M.A.H
245
_a
Leningrad to Samarkand
260
_a
Karachi
_b
Forward pub
_c
090
_c
31331
_d
31331
942
_a
NUST-CAE
_c
M
_c
23705
999
_c
283464
_d
283464